Pessimism about Africa is misplaced, says World Bank official.
Výber z referátu poradcu technického odboru Svetovej banky pre Afriku, ktorý predniesol v stredisku MMF v januári 1992. Implementácia programu OSN pre urýchlenie vývoja Afriky. Prvé výsledky ekonomických reforiem afrických štátov. Porovnanie s výsledkami afrických štátov, ktoré nezahájili reformu. Ú...
Gespeichert in:
| 1. Verfasser: | |
|---|---|
| Format: | Buchkapitel |
| Sprache: | Englisch |
| Schlagworte: | |
| Tags: |
Keine Tags, Fügen Sie das erste Tag hinzu!
|
MARC
| LEADER | 00000naa a2200000 4500 | ||
|---|---|---|---|
| 001 | r007729 | ||
| 005 | 20220913122402.5 | ||
| 041 | 0 | |a eng | |
| 044 | |a US | ||
| 245 | 1 | 0 | |a Pessimism about Africa is misplaced, says World Bank official. |c G.R. Rosen |
| 520 | |a Výber z referátu poradcu technického odboru Svetovej banky pre Afriku, ktorý predniesol v stredisku MMF v januári 1992. Implementácia programu OSN pre urýchlenie vývoja Afriky. Prvé výsledky ekonomických reforiem afrických štátov. Porovnanie s výsledkami afrických štátov, ktoré nezahájili reformu. Údaje z vývoja v 70. a 80. rokoch. Príčiny poklesu v tomto období. | ||
| 610 | 2 | 0 | |a IBRD |
| 610 | 2 | 0 | |a Afrika |
| 610 | 2 | 0 | |a rozvoj hospodársky |
| 610 | 2 | 0 | |a programy rozvojové |
| 610 | 2 | 0 | |a OSN |
| 610 | 2 | 0 | |a reformy hospodárske |
| 610 | 2 | 0 | |a 1970-1989 |
| 100 | 1 | |a Rosen, G.R. | |